| 000 | 00843nam a2200265K 4500 | ||
|---|---|---|---|
| 001 | 31056 | ||
| 003 | BD-RjUL | ||
| 005 | 20211209051644.0 | ||
| 008 | 140413s1965 enkab b 00100 eng d | ||
| 035 | _a(BD-RjUL)31143 | ||
| 040 |
_aBOS _cBOS _dBZM _dBD-RjUL _beng |
||
| 041 | _aeng | ||
| 082 |
_a266.009669 _bAJC 1965 |
||
| 090 |
_aBV3625.N5 _bA7 1965 |
||
| 100 | 1 |
_aAjayi, J. F. Ade. _983719 |
|
| 245 | 1 | 0 |
_aChristian missions in Nigeria, 1841-1891 : _bthe making of a new elite / _cby J. F. Ade Ajayi. |
| 260 |
_aLondon : _bLongmans, _cc1965. |
||
| 300 |
_axvi, 317 p. : _billus., maps ; _c22 cm. |
||
| 490 | 0 | _aIbadan history series | |
| 500 | _aRevision of thesis--University of London. | ||
| 504 | _aBibliography: p. 278-293 and index. | ||
| 650 | 0 |
_aMissions _zNigeria. _994417 |
|
| 700 | 1 |
_aDike, K. O. ed. _994418 |
|
| 942 |
_2ddc _cBK |
||
| 999 |
_c31056 _d31056 |
||